Catalog

Record Details

Catalog Search



Somerset Cover Image CD Audiobook CD Audiobook

Somerset [sound recording] / Leila Meacham.

Meacham, Leila, 1938- (Author). DeBerry, Teresa. (Added Author).

Summary:

South Carolina is where Silas Toliver, deprived of his inheritance, joins up with his best friend Jeremy Warwick to plan a wagon train expedition to the 'black waxy' promise of a new territory called Texas.

Record details

  • ISBN: 9781478978916
  • ISBN: 1478978910
  • ISBN: 9781478926344
  • ISBN: 1478926341
  • Physical Description: 19 sound discs (900 min.) : digital ; 4 3/4 in.
  • Edition: Unabridged.
  • Publisher: [New York] : Hachette Audio, [2014]

Content descriptions

General Note:
Title from web page.
Compact discs.
Duration: 15:00:00.
Participant or Performer Note:
Read by Teresa DeBerry.
Subject: Cities and towns > Texas > Fiction.
City and town life > Texas > Fiction.
Lumber trade > Texas > Fiction.
Cotton trade > Texas > Fiction.
Texas > Social life and customs > 19th century > Fiction.
Genre: Audiobooks.

LDR 01688nim a2200457Ia 4500
001136884
003CONS
00520140703073309.0
007sd fungnnmmneu
008130718s2014 nyunnnn f n eng d
019 . ‡a827257597 ‡a870529747
020 . ‡a9781478978916
020 . ‡a1478978910
020 . ‡a9781478926344
020 . ‡a1478926341
02802. ‡a2-X7891 ‡bHachette Audio
035 . ‡a(CPomAG)LMN565291
050 4. ‡aPS3563.E163 ‡bS66 2014ab
08204. ‡a813/.54 ‡223
1001 . ‡aMeacham, Leila, ‡d1938-
24510. ‡aSomerset ‡h[sound recording] / ‡cLeila Meacham.
250 . ‡aUnabridged.
260 . ‡a[New York] : ‡bHachette Audio, ‡c[2014]
300 . ‡a19 sound discs (900 min.) : ‡bdigital ; ‡c4 3/4 in.
336 . ‡aspoken word ‡bspw ‡2rdacontent
337 . ‡aaudio ‡bs ‡2rdamedia
500 . ‡aTitle from web page.
500 . ‡aCompact discs.
500 . ‡aDuration: 15:00:00.
5110 . ‡aRead by Teresa DeBerry.
520 . ‡aSouth Carolina is where Silas Toliver, deprived of his inheritance, joins up with his best friend Jeremy Warwick to plan a wagon train expedition to the 'black waxy' promise of a new territory called Texas.
650 0. ‡aCities and towns ‡zTexas ‡vFiction.
650 0. ‡aCity and town life ‡zTexas ‡vFiction.
650 0. ‡aLumber trade ‡zTexas ‡vFiction.
650 0. ‡aCotton trade ‡zTexas ‡vFiction.
651 0. ‡aTexas ‡xSocial life and customs ‡y19th century ‡vFiction.
655 7. ‡aAudiobooks. ‡2lcgft
7001 . ‡aDeBerry, Teresa.
914 . ‡aSCP_jd
959 . ‡i32269000942790 ‡lBK/CD Mea ‡aAdult - Audiobook ‡tAudiobook ‡g45.00
852 . ‡p32269000942790 ‡jBK/CD Mea ‡gAdult - Audiobook ‡cAudiobook ‡y45.00 ‡bSBPL
901 . ‡a136884 ‡bUnknown ‡c136884 ‡tbiblio

Additional Resources